Late Hittite Emar: the chronology, synchronisms, and socio-political aspects of a late Bronze Age fortress town
| Main Author: | |
|---|---|
| Format: | Print Book |
| Language: | English |
| Subito Delivery Service: | Order now. |
| Check availability: | HBZ Gateway |
| WorldCat: | WorldCat |
| Interlibrary Loan: | Interlibrary Loan for the Fachinformationsdienste (Specialized Information Services in Germany) |
| Published: |
Louvain [u.a.]
Peeters
2001
|
| In: |
Ancient Near Eastern studies / Supplement (8)
Year: 2001 |
| Reviews: | , in: BiOr 61 (2004) 585-591 (Skaist, Aaron) |
| Series/Journal: | Ancient Near Eastern studies / Supplement
8 |
| Standardized Subjects / Keyword chains: | B
Hittites
/ Emar
/ Bronze Age
B Emar / History |
| RelBib Classification: | HH Archaeology |
| Further subjects: | B
Bronze Age
Syria
Emar (Extinct city)
B Emar (Extinct city) Social conditions Sources B Emar B Emar (Extinct city) Politics and government Sources B Chronology B Bronze Age |
MARC
| LEADER | 00000cam a2200000 c 4500 | ||
|---|---|---|---|
| 001 | 335155383 | ||
| 003 | DE-627 | ||
| 005 | 20240419191615.0 | ||
| 007 | tu | ||
| 008 | 011015s2001 be ||||| 00| ||eng c | ||
| 020 | |a 9042909099 |9 90-429-0909-9 | ||
| 035 | |a (DE-627)335155383 | ||
| 035 | |a (DE-576)09448449X | ||
| 035 | |a (DE-599)GBV335155383 | ||
| 035 | |a (OCoLC)248392001 | ||
| 035 | |a (OCoLC)48078627 | ||
| 040 | |a DE-627 |b ger |c DE-627 |e rakwb | ||
| 041 | |a eng | ||
| 044 | |c XA-BE |c XA-FR |c XD-US | ||
| 050 | 0 | |a DS99.E52 | |
| 082 | 0 | |a 939.43 |q BSZ | |
| 084 | |a 6,22 |2 ssgn | ||
| 084 | |a 1 |2 ssgn | ||
| 084 | |a LE 6154 |2 rvk |0 (DE-625)rvk/91122:13618 | ||
| 084 | |a 15.16 |2 bkl | ||
| 084 | |a 15.26 |2 bkl | ||
| 100 | 1 | |0 (DE-588)173595448 |0 (DE-627)698505646 |0 (DE-576)134438922 |4 aut |a Adamthwaite, Murray R. | |
| 109 | |a Adamthwaite, Murray R. |a Adamthwaite, Murray | ||
| 191 | |a 1 | ||
| 245 | 1 | 0 | |a Late Hittite Emar |b the chronology, synchronisms, and socio-political aspects of a late Bronze Age fortress town |c Murray R. Adamthwaite |
| 264 | 1 | |a Louvain [u.a.] |b Peeters |c 2001 | |
| 300 | |a XXIII, 293 S |b Ill., graph. Darst | ||
| 336 | |a Text |b txt |2 rdacontent | ||
| 337 | |a ohne Hilfsmittel zu benutzen |b n |2 rdamedia | ||
| 338 | |a Band |b nc |2 rdacarrier | ||
| 490 | 1 | |a Ancient Near Eastern studies |a Supplement |v 8 | |
| 583 | 1 | |a Archivierung/Langzeitarchivierung gewährleistet |f SSG |x XA-DE-BW |2 pdager |5 DE-21 | |
| 583 | 1 | |a Archivierung prüfen |c 20240324 |f DE-4165 |z 1 |2 pdager | |
| 601 | |a Chronologie | ||
| 601 | |a Synchronie | ||
| 650 | 0 | |a Bronze Age |x Syria |x Emar (Extinct city) | |
| 650 | 0 | 7 | |0 (DE-588)4010178-2 |0 (DE-627)106359509 |0 (DE-576)20888629X |a Chronologie |2 gnd |
| 650 | 0 | 7 | |0 (DE-588)4008357-3 |0 (DE-627)106368494 |0 (DE-576)208875883 |a Bronzezeit |2 gnd |
| 651 | 0 | |a Emar (Extinct city) |x Politics and government |x Sources | |
| 651 | 0 | |a Emar (Extinct city) |x Social conditions |x Sources | |
| 651 | 7 | |0 (DE-588)4387797-7 |0 (DE-627)188310991 |0 (DE-576)211912220 |a Emar |2 gnd | |
| 652 | |a HH | ||
| 689 | 0 | 0 | |d s |0 (DE-588)4072478-5 |0 (DE-627)106095021 |0 (DE-576)209187174 |2 gnd |a Hethiter |
| 689 | 0 | 1 | |d g |0 (DE-588)4387797-7 |0 (DE-627)188310991 |0 (DE-576)211912220 |2 gnd |a Emar |
| 689 | 0 | 2 | |d s |0 (DE-588)4008357-3 |0 (DE-627)106368494 |0 (DE-576)208875883 |2 gnd |a Bronzezeit |
| 689 | 0 | |5 (DE-627) | |
| 689 | 1 | 0 | |d g |0 (DE-588)4387797-7 |0 (DE-627)188310991 |0 (DE-576)211912220 |2 gnd |a Emar |
| 689 | 1 | 1 | |q z |2 gnd |a Geschichte |
| 689 | 1 | |5 (DE-627) | |
| 787 | 0 | 8 | |i Rezension |a Skaist, Aaron |t , in: BiOr |g 61 (2004) 585-591 |
| 830 | 0 | |a Ancient Near Eastern studies / Supplement |v 8 |9 8 |w (DE-627)331257912 |w (DE-576)098690817 |w (DE-600)2051220-X |7 am | |
| 935 | |a mteo |a BIIN | ||
| 935 | |i Blocktest | ||
| 936 | r | v | |a LE 6154 |b em - eo |k Klassische Archäologie |k Nachbarwissenschaften |k Ägypten und Orient |k Der alte Orient (einschl. der nichtgriechischen Kulturen Kleinasiens u. Syriens) |k Ausgrabungspublikationen (alphabetisch nach Orten) |k em - eo |0 (DE-627)1274767482 |0 (DE-625)rvk/91122:13618 |0 (DE-576)204767482 |
| 936 | b | k | |a 15.16 |j Altorientalische Archäologie |j christliche Archäologie |0 (DE-627)106419765 |
| 936 | b | k | |a 15.26 |j Alter Orient |j Nordafrika |x Alte Geschichte |0 (DE-627)181571021 |
| 951 | |a BO | ||
| BIB | |a 1 | ||
| ELC | |b 1 | ||
| ITA | |a 1 |t 1 | ||
| LOK | |0 000 xxxxxcx a22 zn 4500 | ||
| LOK | |0 001 3225414344 | ||
| LOK | |0 003 DE-627 | ||
| LOK | |0 004 335155383 | ||
| LOK | |0 005 20030328000000 | ||
| LOK | |0 008 030328||||||||||||||||ger||||||| | ||
| LOK | |0 040 |a DE-21 |c DE-627 |d DE-21 | ||
| LOK | |0 852 |a DE-21 | ||
| LOK | |0 852 1 |c 43 B 154 |9 00 | ||
| LOK | |0 935 |a vord |a theo | ||
| LOK | |0 936ln |a t16.2 | ||
| LOK | |0 939 |a 28-03-03 |b l01 | ||
| LOK | |0 000 xxxxxcx a22 zn 4500 | ||
| LOK | |0 001 3225414409 | ||
| LOK | |0 003 DE-627 | ||
| LOK | |0 004 335155383 | ||
| LOK | |0 005 20060323132649 | ||
| LOK | |0 008 041130||||||||||||||||ger||||||| | ||
| LOK | |0 040 |a DE-21-11 |c DE-627 |d DE-21-11 | ||
| LOK | |0 541 |e A2001-165 | ||
| LOK | |0 852 |a DE-21-11 | ||
| LOK | |0 852 1 |c AOR Da Adamt 1 |m p |9 00 | ||
| LOK | |0 935 |a k011 |a i011 |a kneu |a aori | ||
| LOK | |0 938 |k p | ||
| LOK | |0 939 |a 30-11-04 |b l01 | ||
| LOK | |0 000 xxxxxcx a22 zn 4500 | ||
| LOK | |0 001 3225414808 | ||
| LOK | |0 003 DE-627 | ||
| LOK | |0 004 335155383 | ||
| LOK | |0 005 20190311235709 | ||
| LOK | |0 008 190311||||||||||||||||ger||||||| | ||
| LOK | |0 035 |a (DE-Tue135-1)126029 | ||
| LOK | |0 040 |a DE-Tue135-1 |c DE-627 |d DE-Tue135-1 | ||
| LOK | |0 852 |a DE-Tue135-1 | ||
| LOK | |0 852 1 |c FTHAT082068 |m p |9 00 | ||
| LOK | |0 852 2 |b Z 4/5 |9 00 | ||
| LOK | |0 935 |a iALT | ||
| LOK | |0 936ln |0 1442044187 |a HH | ||
| LOK | |0 938 |k p | ||
| LOK | |0 939 |a 11-03-19 |b l12 | ||
| ORI | |a SA-MARC-ixtheoa001.raw | ||
| REL | |a 1 | ||
| STA | 0 | 0 | |a Bronze Age,Early Bronze Age,Middle Bronze Age,Late Bronze Age,Older Bronze Age,Chronology,History,History,History in art,Hittites |
| STB | 0 | 0 | |a Chronologie,Histoire,Histoire,Histoire,Hittites,Âge du bronze |
| STC | 0 | 0 | |a Cronología,Cronología histórica,Edad del Bronce,Historia,Historia,Historia,Hitita |
| STD | 0 | 0 | |a Cronologia,Età del Bronzo,Ittiti,Storia,Storia |
| STE | 0 | 0 | |a 历史,史,年代学,纪年法,年表,赫特人,赫梯人,海地特人,青铜时代,青铜器时代,铜器时代 |
| STF | 0 | 0 | |a 年代學,紀年法,年表,歷史,史,赫特人,赫梯人,海地特人,青銅時代,青銅器時代,銅器時代 |
| STG | 0 | 0 | |a Cronologia,História,História,Hitita,Idade do Bronze |
| STH | 0 | 0 | |a Бронзовый век,История (мотив),История,Хетты,Хронология |
| STI | 0 | 0 | |a Εποχή του Χαλκού,Εποχή του Ορείχαλκου,Ιστορία (μοτίβο),Ιστορία,Χετταίοι,Χιττίτες,Χρονολόγηση,Χρονολογία |
| SUB | |a BIB |a REL | ||
| SYE | 0 | 0 | |a Zeitrechnung , Späte Bronzezeit,Jüngere Bronzezeit,Frühe Bronzezeit,Ältere Bronzezeit,Frühbronzezeit,Mittlere Bronzezeit,Jungbronzezeit,Spätbronzezeit |
| SYF | 0 | 0 | |a Imar,Aštata,Bālis,Barbalissos,Barbalissus |
| SYG | 0 | 0 | |a Hettiter,Chetiter , Imar,Aštata,Bālis,Barbalissos,Barbalissus , Späte Bronzezeit,Jüngere Bronzezeit,Frühe Bronzezeit,Ältere Bronzezeit,Frühbronzezeit,Mittlere Bronzezeit,Jungbronzezeit,Spätbronzezeit , Imar,Aštata,Bālis,Barbalissos,Barbalissus , History,Geschichtliche Epoche,Historical development,Historische Entwicklung,Landesgeschichte,Regionalgeschichte,Ortsgeschichte,Zeitgeschichte |
| TIM | |a 099982000101_099992001231 |b Bronzezeit v1800-v800 | ||



